书目信息 |
| 题名: |
中国常见地下害虫图鉴
|
|
| 作者: | 曹雅忠 , 李克斌 主编 | |
| 分册: | ||
| 出版信息: | 北京 中国农业科学技术出版社 2017.12 |
|
| 页数: | 259页 | |
| 开本: | 26cm | |
| 丛书名: | ||
| 单 册: | ||
| 中图分类: | S433.8-64 | |
| 科图分类: | ||
| 主题词: | 地下害虫--中国--图鉴 | |
| 电子资源: | ||
| ISBN: | 978-7-5116-3416-0 | |
| 000 | 01069nam0 2200229 450 | |
| 001 | 5408 | |
| 005 | 20181015171820.39 | |
| 010 | @a978-7-5116-3416-0@dCNY128.00 | |
| 100 | @a20171218d2017 em y0chiy0110 ea | |
| 101 | 0 | @achi |
| 102 | @aCN@b110000 | |
| 105 | @ay z 000yy | |
| 200 | 1 | @a中国常见地下害虫图鉴@9zhong guo chang jian di xia hai chong tu jian@f曹雅忠,李克斌主编 |
| 210 | @a北京@c中国农业科学技术出版社@d2017.12 | |
| 215 | @a259页@d26cm | |
| 330 | @a本书包括常见地下害虫181种,隶属于7目、28科,收录成虫和幼虫形态特征原色照片或线条图;文字内容包括以科为代表性特征的概述,科下分类检索表,虫种的中文名称、拉丁学名、分类地位、形态特征、分布及寄主植物等简述。《中国常见地下害虫图鉴》以图片与文字相结合,能够帮助读者直接、快速、准确认识和鉴别常见地下害虫的种类。本书主要面向农业技术推广人员和基层植物保护工作者,也可供大专院校、植保科研单位人员参考。 | |
| 606 | 0 | @a地下害虫@y中国@x图鉴 |
| 690 | @aS433.8-64@v5 | |
| 701 | 0 | @a曹雅忠@9cao ya zhong@4主编 |
| 701 | 0 | @a李克斌@9li ke bin@4主编 |
| 801 | 0 | @aCN@b91CIP@c20171218 |
| 905 | @aMuseLib@dS433.8-64@e145 | |
| 中国常见地下害虫图鉴/曹雅忠,李克斌主编.-北京:中国农业科学技术出版社,2017.12 |
| 259页;26cm |
| ISBN 978-7-5116-3416-0:CNY128.00 |
| 本书包括常见地下害虫181种,隶属于7目、28科,收录成虫和幼虫形态特征原色照片或线条图;文字内容包括以科为代表性特征的概述,科下分类检索表,虫种的中文名称、拉丁学名、分类地位、形态特征、分布及寄主植物等简述。《中国常见地下害虫图鉴》以图片与文字相结合,能够帮助读者直接、快速、准确认识和鉴别常见地下害虫的种类。本书主要面向农业技术推广人员和基层植物保护工作者,也可供大专院校、植保科研单位人员参考。 |
| ● |
| 相关链接 |
|
|
|
|
正题名:中国常见地下害虫图鉴
索取号:S433.8-64/145
 
预约/预借
| 序号 | 登录号 | 条形码 | 馆藏地/架位号 | 状态 | 备注 |
| 1 | 1129560 | 211295604 | 第二样本阅览室/ [索取号:S433.8-64/145] | 在馆 | |
| 2 | 1129561 | 211295613 | 密集书库-生命科学系/ [索取号:S433.8-64/145] | 在馆 | |
| 3 | 1129562 | 211295622 | 第三借阅区/ [索取号:S433.8-64/145] | 在馆 | |
| 4 | 1129563 | 211295631 | 第三借阅区/ [索取号:S433.8-64/145] | 在馆 | |
| 5 | 1129564 | 211295640 | 第三借阅区/ [索取号:S433.8-64/145] | 在馆 |